000
00295nam a2200121Ia 4500
005
20251222142007.0
008
251222s9999||||xx |||||||||||||| ||spa||
082
_a
370/M39
100
_a
Mejía, Marco Raúl
245
0
_a
Educación y Escuela en el Fin de Siglo
264
_b
Tarea
942
_c
LIB
999
_c
10199
_d
10199